The blocking technique, weighted mean operators and Hardy's inequality
Αποθηκεύτηκε σε:
| Κύριος συγγραφέας: | |
|---|---|
| Μορφή: | Βιβλίο |
| Γλώσσα: | English |
| Δημοσίευση: |
Berlin ; Heidelberg :
Springer,
c1997
|
| Σειρά: | Lecture notes in mathematics (Springer-Verlag)
; 1679 |
| Θέματα: | |
| Ετικέτες: |
Προσθήκη ετικέτας
Δεν υπάρχουν, Καταχωρήστε ετικέτα πρώτοι!
|
MARC
| LEADER | 00000cam a2200000 i 4500 | ||
|---|---|---|---|
| 001 | 1/93582 | ||
| 008 | 991122s1997 eng d | ||
| 020 | |a 3540639020 | ||
| 035 | |l 10054459 | ||
| 040 | |a GR-MY-UA |b gre |e aacr | ||
| 041 | 0 | |a eng | |
| 082 | 0 | |a 515.732 | |
| 100 | 1 | |a Grosse-Erdmann, Karl-Groswin. | |
| 245 | 1 | 4 | |a The blocking technique, weighted mean operators and Hardy's inequality / |c Karl-Goswin Grosse-Erdmann |
| 260 | |a Berlin ; Heidelberg : |b Springer, |c c1997 | ||
| 300 | |a viii, 114 p.; |c 24 cm. | ||
| 490 | 1 | |a Lecture notes in mathematics (Springer-Verlag) |v ; 1679 | |
| 500 | |a Includes bibliographical references and index | ||
| 650 | 0 | 0 | |a Normed linear spaces. |
| 650 | 0 | 0 | |a Inequalities (Mathematics) |
| 650 | 0 | 0 | |a Summability theory. |
| 830 | 0 | |a Lecture notes in mathematics (Springer-Verlag) |v ; 1679 | |
| 852 | |a INST |b SAMOS |e 19991122 |h 515.732 GRO |p 005300017104 |q 005300017104 |t BK |y 0 | ||
| 901 | |a BIBL3-1999-3 | ||
| 909 | |a Σ |b 067247 | ||
| 922 | |a 3ΕΛΗ |b 199909 |c ΕΠΕΑΕΚ/ΜΑΘ |d ΠΑΠΑΣΩΤΗΡΙΟΥ | ||
| 970 | |a ΓΕΝΟΥΖΟΥ |b ΧΡΥΣΑΝΘΗ |z 1999/11/22 | ||